Globale positionsbestimmungssystem-empfänger für raumfahrtanwendungen; Космическое приборостроение

Bibliografske podrobnosti
Parent link:Космическое приборостроение.— 2014.— [С. 349-352]
Glavni avtor: Levanova V. S.
Korporativna značnica: Национальный исследовательский Томский политехнический университет
Drugi avtorji: Sysa E. A. Elena Alexandrowna
Izvleček:Заглавие с титульного экрана
Jezik:nemščina
Izdano: 2014
Serija:Space instrument making
Teme:
Online dostop:http://www.lib.tpu.ru/fulltext/c/2014/C22/119.pdf
Format: MixedMaterials Elektronski Book Chapter
KOHA link:https://koha.lib.tpu.ru/cgi-bin/koha/opac-detail.pl?biblionumber=605868

MARC

LEADER 00000naa2a2200000 4500
001 605868
005 20250526110126.0
035 |a (RuTPU)RU\TPU\conf\3212 
035 |a RU\TPU\conf\3184 
090 |a 605868 
100 |a 20140506d2014 k y0rusy50 ca 
101 0 |a ger 
102 |a RU 
105 |a y z 101zy 
135 |a drnn ---uucaa 
181 0 |a i  
182 0 |a b 
200 1 |a Globale positionsbestimmungssystem-empfänger für raumfahrtanwendungen  |f V. S. Levanova, E. A. Sysa 
203 |a Текст  |c электронный 
225 1 |a Space instrument making 
300 |a Заглавие с титульного экрана 
320 |a [Библиогр.: с. 352 (3 назв.)] 
337 |a Adobe Reader 
463 0 |0 (RuTPU)RU\TPU\conf\2833  |t Космическое приборостроение  |o сборник научных трудов II Всероссийского форума школьников, студентов, аспирантов и молодых ученых с международным участием, г. Томск, 10-12 апреля 2014 г.  |f Национальный исследовательский Томский политехнический университет (ТПУ)  |v [С. 349-352]  |d 2014 
610 1 |a труды учёных ТПУ 
610 1 |a электронный ресурс 
610 1 |a глобальные системы 
610 1 |a местоположение 
610 1 |a приемники 
610 1 |a авиационно-космическая промышленность 
700 1 |a Levanova  |b V. S. 
701 1 |a Sysa  |b E. A.  |c Linguist  |c Oberlehrer der Polytechnischen Universität Tomsk  |f 1980-  |g Elena Alexandrowna  |3 (RuTPU)RU\TPU\pers\31031 
712 0 2 |a Национальный исследовательский Томский политехнический университет  |c (2009- )  |9 26305 
801 2 |a RU  |b 63413507  |c 20140506  |g RCR 
850 |a 63413507 
856 4 |u http://www.lib.tpu.ru/fulltext/c/2014/C22/119.pdf 
942 |c BK